000 02031cam a22004937a 4500
001 17122314
003 OSt
005 20180116192426.0
008 120106s2011 gw ab b 000 0 ger d
010 _a 2011525851
015 _a11,N35
_2dnb
020 _a9783920034584
020 _a9783920034577
035 _a(OCoLC)ocn773941375
040 _aORU
_cORU
_dORU
_dDEBBG
_dOCLCO
_dDLC
042 _alccopycat
043 _ae-gx---
050 0 0 _aNA1088.S325
_bA4 2011
082 _a 721.092
084 _aZH 4800
_2rvk
245 0 0 _aSchlaich Bergermann und Partner /
_c[mit Beiträgen von Annette Bögle ... [et al.] ; interviews mit Wasem Ajmail ... [et al.] ; Redaktion, Cornelia Hellstern ... [et al.]].
250 _a1. Aufl.
260 _aMünchen :
_bDetail :
_bInstitut für internationale Architektur-Dokumentation,
_c2011.
300 _a136 p. :
_bill. (some col.), col. map ;
_c30 cm.
490 1 _aDetail engineering ;
_v1
504 _aIncludes bibliographical references (p. 136).
505 0 _aKonstruktion und Form -- Material und Innovation -- Perspektiven und Synergien -- Kooperation und Verantwortung -- Didaktik der Tragwerke -- Projekte und Personen.
610 2 0 _aSchlaich Bergermann und Partner.
_98026
650 0 _aArchitecture, Modern
_y21st century.
_98027
650 0 _aArchitecture, Modern
_y21st century
_vDesigns and plans.
_98028
650 0 _aStadiums
_xDesign and construction.
_98029
650 0 _aStructural design.
_98030
650 0 _aStructural engineering
_zGermany
_zStuttgart.
_98031
700 1 _aBögle, Annette.
_98032
700 1 _aHellstern, Cornelia.
_98033
710 2 _aSchlaich Bergermann und Partner.
_98034
710 2 _aInstitut für Internationale Architektur-Dokumentation.
_98035
830 0 _aDetail engineering ;
_v1.
_98036
906 _a7
_bcbc
_ccopycat
_d3
_encip
_f20
_gy-gencatlg
936 _aPR 767755443
942 _2ddc
_cBK
999 _c354067
_d354067